| 000 | 01101aam a2200421a 44500 | ||
|---|---|---|---|
| 008 | 110210s2002 cat | ||
| 017 | _aCS-68-2002 | ||
| 020 | _a8489944784 | ||
| 041 | _acat | ||
| 080 | _a391 | ||
| 100 |
_aPuig Escoí, Aureli _973597 |
||
| 245 | _aDiccionari de la indumentària: El vestit popular valencià als segles XVIII i XIX. Cançoner | ||
| 245 | _cAureli Puig Escoí | ||
| 260 | _aCastelló | ||
| 260 | _bDiputació de Castelló. Servei de Publicacions | ||
| 260 | _c2002 | ||
| 300 |
_a311 p. _bil. _c25 cm |
||
| 365 | _b30.00 | ||
| 365 | _ceuros | ||
| 500 | _aBibliografia | ||
| 500 | _aCategoria gramatical | ||
| 520 | _aaprox. 1.800 | ||
| 522 | _aValència | ||
| 546 | _acatalà | ||
| 591 | _a6339 | ||
| 592 | _aObra terminològica | ||
| 593 | _aISH | ||
| 593 | _aOS | ||
| 594 | _a6339 | ||
| 650 |
_acultura popular _962169 |
||
| 650 |
_aindumentària _962361 |
||
| 901 | _c<2002> | ||
| 902 | _a110210 | ||
| 942 |
_cMO _n0 |
||
| 999 |
_c65676 _d65676 |
||